[Event "IND-ch U15 Girls 38th"]
[Site "New Delhi"]
[Date "2022.12.03"]
[Round "9"]
[White "Anishka, Vikram"]
[Black "Sindhusree, K."]
[Result "0-1"]
[WhiteElo "1907"]
[BlackElo "1393"]
[PlyCount "116"]
[EventDate "2022.11.28"]
[EventType "swiss"]
[EventRounds "11"]
[EventCountry "IND"]
[SourceTitle "CBM 211 Extra"]
[Source "ChessBase"]
[SourceDate "2023.01.31"]
[SourceVersion "1"]
[SourceVersionDate "2023.01.31"]
[SourceQuality "1"]

1. d4 Nf6 2. c4 e6 3. Nc3 d5 4. cxd5 exd5 5. Bg5 Be7 6. e3 c6 7. Qc2 0-0 8. Nf3 Nbd7 9. Bd3 Re8 10. 0-0 Nf8 11. Rab1 g6 12. b4 Ne6 13. Bh4 Ng7 14. b5 Bf5 15. bxc6 bxc6 16. Ne5 Qc8 17. Rfc1 Bxd3 18. Nxd3 Qf5 19. Ne5 Ng4 20. Qxf5 gxf5 21. Nxg4 fxg4 22. Bxe7 Rxe7 23. Na4 Rc8 24. Nc5 Nf5 25. Rc2 Nd6 26. Rcb2 Kg7 27. g3 h5 28. Rb8 Rec7 29. Kf1 Kf6 30. Ke2 Rxb8 31. Rxb8 Rc8 32. Rb3 Ke7 33. Nd3 Kf6 34. Ra3 Rc7 35. Ra6 Nf5 36. Kd2 Ne7 37. Kc3 Kf5 38. Kb4 Ke4 39. Kc3 Kf3 40. Kd2 Ng6 41. Ke1 Kg2 42. Nb4 Ne7 43. Ra5 Kxh2 44. e4 Kg2 45. exd5 cxd5 46. Nxd5 Nxd5 47. Rxd5 Re7+ 48. Kd2 Kxf2 49. Rxh5 Kxg3 50. Rg5 Kf4 51. Rg7 g3 52. d5 Kf3 53. d6 Rd7 54. Ke1 g2 55. a3 a6 56. a4 a5 57. Rg5 Rxd6 58. Rf5+ Kg4 0-1

[Event "IND-ch U15 Girls 38th"]
[Site "New Delhi"]
[Date "2022.12.03"]
[Round "8"]
[White "Sindhusree, K."]
[Black "Kashthuri Bhai, R."]
[Result "0-1"]
[WhiteElo "1393"]
[BlackElo "1600"]
[PlyCount "144"]
[EventDate "2022.11.28"]
[EventType "swiss"]
[EventRounds "11"]
[EventCountry "IND"]
[SourceTitle "CBM 211 Extra"]
[Source "ChessBase"]
[SourceDate "2023.01.31"]
[SourceVersion "1"]
[SourceVersionDate "2023.01.31"]
[SourceQuality "1"]

1. d4 Nf6 2. c4 e6 3. Nf3 d5 4. Nc3 Bb4 5. Bg5 Nc6 6. e3 Be7 7. Bd3 dxc4 8. Bxc4 Nd5 9. Bxe7 Ncxe7 10. 0-0 0-0 11. Rc1 c6 12. Qd2 b6 13. Rfd1 Qd6 14. e4 Nxc3 15. bxc3 Bb7 16. Qd3 Ng6 17. e5 Qe7 18. Ba6 Nf4 19. Qf1 Bxa6 20. Qxa6 b5 21. Kf1 Rfc8 22. a4 Qd7 23. Rb1 Qd5 24. axb5 Qc4+ 25. Kg1 Ne2+ 26. Kh1 Nxc3 27. Rdc1 cxb5 28. Qb7 Qd5 29. Qa6 Rc6 30. Qb7 Rb6 31. Qxb6 axb6 32. Rxc3 h6 33. Rcb3 Ra1 34. Rxb5 Qxb5 35. Rxa1 Qb2 36. Ra8+ Kh7 37. h4 g6 38. Kg1 b5 39. Ra7 Kg7 40. d5 Qc1+ 41. Kh2 Qc4 42. d6 Qd5 43. d7 Kf8 44. Rb7 Ke7 45. d8Q+ Kxd8 46. Rxf7 b4 47. Rf8+ Ke7 48. Rb8 b3 49. Rb4 g5 50. hxg5 hxg5 51. Nxg5 Qxe5+ 52. f4 Qh8+ 53. Kg1 Qa1+ 54. Kh2 b2 55. Rb7+ Kf6 56. Ne4+ Kf5 57. Nc3 Qc1 58. Rb5+ Kg6 59. Ne2 Qd2 60. Ng3 Qxf4 61. Rxb2 Qh6+ 62. Nh5 Qxh5+ 63. Kg1 Qc5+ 64. Rf2 Qd4 65. g3 e5 66. Kg2 e4 67. Ra2 e3 68. Re2 Qe4+ 69. Kg1 Qf3 70. Ra2 e2 71. Ra6+ Kf7 72. Ra7+ Kf8 0-1

[Event "IND-ch U15 Girls 38th"]
[Site "New Delhi"]
[Date "2022.12.01"]
[Round "5"]
[White "Sindhusree, K."]
[Black "Keerti, Shree Reddy"]
[Result "1-0"]
[WhiteElo "1393"]
[BlackElo "1673"]
[PlyCount "103"]
[EventDate "2022.11.28"]
[EventType "swiss"]
[EventRounds "11"]
[EventCountry "IND"]
[SourceTitle "CBM 211 Extra"]
[Source "ChessBase"]
[SourceDate "2023.01.31"]
[SourceVersion "1"]
[SourceVersionDate "2023.01.31"]
[SourceQuality "1"]

1. d4 Nf6 2. c4 e6 3. Nf3 Bb4+ 4. Bd2 a5 5. g3 d6 6. Qc2 Nbd7 7. Bg2 0-0 8. 0-0 e5 9. e3 c6 10. Bc1 e4 11. Ng5 d5 12. c5 a4 13. a3 Ba5 14. Qxa4 b6 15. b4 b5 16. Qb3 Bc7 17. Nh3 Ng4 18. Nc3 Ndf6 19. Bd2 h5 20. Rfb1 g6 21. a4 bxa4 22. Rxa4 Rb8 23. Qa2 Bd7 24. Ra7 Kg7 25. Bf1 h4 26. b5 hxg3 27. hxg3 cxb5 28. Nxb5 Bxb5 29. Bxb5 Rxb5 30. Rxb5 Rh8 31. Rbb7 Ne8 32. Ba5 Rxh3 33. Bxc7 Qg5 34. Bd6 Nxd6 35. cxd6 Nh6 36. Qe2 Rh5 37. Re7 Qf5 38. Re5 Rh1+ 39. Kxh1 Qh3+ 40. Kg1 Ng4 41. Qxg4 Qxg4 42. d7 g5 43. Ra1 Qxd7 44. Rxg5+ Kh6 45. Rg8 Kh7 46. Rga8 Qf5 47. R8a5 Qh5 48. Rc5 Kg6 49. Ra6+ f6 50. Ra1 Kh6 51. Rc8 Kg5 52. Rg8+ 1-0